000 00850nam a2200277 a 4500
001 24903
003 CO-ViMGA
008 141112s2004 ck r 000 u spa d
020 _a9789581413959
040 _aCO-ViMGA
_bspa
_cCO-ViMGA
041 _aSPA
090 _aA RUE1
100 1 _aRueda, Claudia
_937304
245 1 0 _aVaya apetito tiene el zorrito! /
_ctexto e ilustrado por Claudia Rueda
250 _a1a ed.
260 _aBogotá :
_bPlaza & Janés,
_c2012
300 _a34 p. : il. col. : il.
650 1 4 _aAUTORES COLOMBIANOS
_932
650 1 4 _aDESDE LOS 3 AÑOS
_937305
650 1 4 _aILUSTRADORES COLOMBIANOS
_937306
650 1 4 _aLITERATURA INFANTIL COLOMBIANA
_934
650 1 4 _aSOLIDARIDAD - LIBROS DE IMAGENES
_937307
650 1 4 _aZORROS - LIBROS DE IMAGENES
_937308
700 1 _aRueda, Claudia
_937304
942 _2ddc
_cBK
999 _c2545
_d2545